Luxury goods : global trends and prospects :
| Format: | Book |
|---|---|
| Published: |
London:
Euromonitor International,
2013.
|
| Subjects: |
| LEADER | 00410cam a2200121 7i4500 | ||
|---|---|---|---|
| 001 | 0000031182 | ||
| 005 | 20140408090000.0 | ||
| 090 | 0 | 0 | |a P 338.47 |b LUX |
| 245 | 0 | 0 | |a Luxury goods : |b global trends and prospects : |b global trends and prospects : |b May 2013. |
| 260 | 0 | 0 | |a London: |b Euromonitor International, |c 2013. |
| 300 | # | # | |a 61 p. |
| 650 | 0 | 0 | |a Luxury goods industry |
| 999 | |a 0000033830 |b Book |c Products |e Business Information Centre | ||